000 00765nam a2200241 i 4500
001 bg
100 1 _aWÓJCIK, Wiesław
245 1 0 _aPodstawy konstruowania.
_nCz. 1,
_pPrzewodnik do ćwiczeń projektowych, album z rysunkami /
_cWiesław Wójcik ; Politechnika Lubelska
260 _aLublin :
_bPL,
_c2000.
300 _a[22] s. :
_bil. ;
_c30 cm.
650 9 _aMaszyny
_xbudowa i konstrukcje
_xprojekty
650 9 _aMaszyny
_xrysunek techniczny
655 _aĆwiczenia i zadania dla szkół wyższych
655 _aTablice i wzory
710 0 _aPolitechnika Lubelska
020 _a8388110667
040 _cBPK
041 0 _apl
080 _a744:621](075.8)(083)
920 _a83-88110-66-7
942 _cKS
008 s pl f |000 0 pol
999 _c39990
_d39990
856 _uhttp://koha.tu.koszalin.pl/cgi-bin/koha/opac-detail.pl?biblionumber=39990
_yKatalog online BPK